书目信息 |
| 题名: |
苏联通史
|
|
| 作者: | 安·米·潘克拉托娃 主编 ;山东大学翻译组 | |
| 分册: | 第一卷 | |
| 出版信息: | 上海 生活·读书·新知三联书店 1980.4 |
|
| 页数: | 451页 | |
| 开本: | 20cm | |
| 丛书名: | ||
| 单 册: | ||
| 中图分类: | K512.0 | |
| 科图分类: | ||
| 主题词: | 东欧--历史 , 中欧--历史 | |
| 电子资源: | ||
| ISBN: | ||
| 000 | 00748nam0 2200241 45 | |
| 001 | 0212200895 | |
| 005 | 20061115153214.53 | |
| 010 | @dCNY1.45 | |
| 091 | @a11002.481 | |
| 100 | @a20021220d1980 km y0chiy0120 ea | |
| 101 | 0 | @achi |
| 105 | @aba z 000yy | |
| 200 | 1 | @ASu Lian Tong Shi@a苏联通史@h第一卷@f(苏)安·米·潘克拉托娃主编@F(Su)An·Mi·Pan Ke La Tuo Wa Zhu Bian@g山东大学翻译组 |
| 210 | @a上海@c生活·读书·新知三联书店@d1980.4 | |
| 215 | @a451页@c插图,地图@d20cm | |
| 300 | @a内部参考读物 | |
| 606 | 0 | @a东欧@x历史 |
| 606 | 0 | @a中欧@x历史 |
| 690 | @aK512.0@v3 | |
| 701 | 0 | @a安·米·潘克拉托娃@4主编 |
| 712 | 02 | @a山东大学翻译组@AShan Dong Da Xue Fan Yi Zu |
| 801 | @aCN@bTSTC@c20061115 | |
| 905 | @dK512.0@e13:1@f1@b14395 | |
| 苏联通史.第一卷/(苏)安·米·潘克拉托娃主编/山东大学翻译组.-上海:生活·读书·新知三联书店,1980.4 |
| 451页:插图,地图;20cm |
| 内部参考读物 |
| ISBN :CNY1.45 |
| ● |
| 相关链接 |
|
|
|
|
正题名:苏联通史
索取号:K512.0/13:1
 
预约/预借
| 序号 | 登录号 | 条形码 | 馆藏地/架位号 | 状态 | 备注 |
| 1 | 0014394 | 202084608 | 密集书库/ [索取号:K512.0/13:1] | 在馆 | |
| 2 | 0014395 | 001394789 | 第二借阅区/ [索取号:K512.0/13:1] | 在馆 | |
| 3 | 0219263 | 001739346 | 第二样本阅览室/ [索取号:K512.0/13:1] | 在馆 |